Les démocrates assermentés et les réfractaires / (Record no. 162648)

MARC details
000 -LEADER
campo de control de longitud fija 00669nam a2200181 i 4500
001 - NÚMERO DE CONTROL
campo de control 162648
003 - IDENTIFICADOR DE NÚMERO DE CONTROL
campo de control ES-MaACL
005 - FECHA Y HORA DE LA ÚLTIMA TRANSACCIÓN
campo de control 20230906212555.0
008 - DATOS DE LONGITUD FIJA--INFORMACIÓN GENERAL
campo de control de longitud fija 981124s1863 fr |||| | fre d
040 ## - FUENTE DE CATALOGACIÓN
Centro catalogador/agencia de origen CCPB | B
Lengua de catalogación spa
Centro/agencia transcriptor CCPB | B
100 1# - ENTRADA PRINCIPAL--NOMBRE DE PERSONA
Nombre de persona Proudhon, Pierre-Joseph.
9 (RLIN) 94052
245 14 - MENCIÓN DEL TÍTULO
Título Les démocrates assermentés et les réfractaires /
Mención de responsabilidad, etc. par P. -J. Proudhon.
260 ## - PUBLICACIÓN, DISTRIBUCIÓN, ETC.
Lugar de publicación, distribución, etc. Paris :
Nombre del editor, distribuidor, etc. E Dentu, Libraire-Éditeur,
Fecha de publicación, distribución, etc. 1863 (
Fabricante Imprimerie de L. Tinterlin et Ce.)
300 ## - DESCRIPCIÓN FÍSICA
Extensión 95 p. ;
Dimensiones 17 cm.
852 ## - LOCALIZACIÓN
Ubicación ES-MaACL
Número de control de estantería G-8559(2)
Nota libre -- Enc. hol.
852 ## - LOCALIZACIÓN
Ubicación ES-MaACL
Número de control de estantería D-1313
Nota libre -- Rúst.
852 ## - LOCALIZACIÓN
Ubicación ES-MaACL
Número de control de estantería T-197-F-4
Nota libre -- Enc. hol.
-- -- Enc. en un vol. facticio
Holdings
Estatus retirado Estado de pérdida Estado de daño No para préstamo Colección Biblioteca de origen Biblioteca actual Ubicación en estantería Fecha de adquisición Total de préstamos Signatura topográfica completa Código de barras Visto por última vez Precio de reemplazo Tipo de ítem Koha Fuente de adquisición
        Colección de folletos Biblioteca del Ateneo de Madrid Biblioteca del Ateneo de Madrid Depósito folletos 17/01/2008   T-197-F-4 1170400 23/02/2023 23/02/2023 Folleto  
        Libros del s. XIX Biblioteca del Ateneo de Madrid Biblioteca del Ateneo de Madrid Sala Pecera Planta 3 17/01/2008   G-8559(2) 1170398 23/02/2023 23/02/2023 Libro impreso antiguo  
        Libros del s. XIX Biblioteca del Ateneo de Madrid Biblioteca del Ateneo de Madrid Sala Valle Inclán 17/01/2008   D-1313 901170399 23/02/2023 23/02/2023 Libro impreso antiguo